[Event "IND-ch U09 op 32nd"]
[Site "Ranchi"]
[Date "2018.09.16"]
[Round "3.8"]
[White "Panda, Hrishikesh"]
[Black "Tanish, Sai Kavuru"]
[Result "1/2-1/2"]
[WhiteElo "1223"]
[BlackElo "1397"]
[PlyCount "83"]
[EventDate "2018.09.15"]
[EventType "swiss"]
[EventRounds "11"]
[EventCountry "IND"]
[SourceTitle "EXT 2024"]
[Source "ChessBase"]
[SourceDate "2023.10.10"]
[SourceVersion "1"]
[SourceVersionDate "2023.10.10"]
[SourceQuality "1"]

1. d4 Nf6 2. Nd2 d5 3. Ngf3 g6 4. e3 Bg7 5. Bd3 0-0 6. c3 Nbd7 7. 0-0 c5 8. c4 e6 9. Qc2 b6 10. b3 Bb7 11. Bb2 Rc8 12. Rac1 a6 13. Qb1 Re8 14. Rfe1 Rc7 15. e4 dxe4 16. Nxe4 Nxe4 17. Bxe4 Bxe4 18. Qxe4 Nf6 19. Qe2 Nh5 20. Rcd1 Qe7 21. dxc5 Qxc5 22. Bxg7 Nxg7 23. Qe5 Qxe5 24. Nxe5 b5 25. Rd6 Ra8 26. Red1 Nf5 27. Rd8+ Rxd8 28. Rxd8+ Kg7 29. Rd7 Rxd7 30. Nxd7 bxc4 31. bxc4 Ne7 32. Kf1 Nc6 33. Ke2 f5 34. Nc5 Nb4 35. Nxe6+ Kf6 36. Nc7 Ke5 37. a3 Nc2 38. Nxa6 Nxa3 39. Kd3 g5 40. g3 Kd6 41. f4 g4 42. Nb4 1/2-1/2